Tilastot visalle Maailman valtiot ja pääkaupungit

Klikkaa tästä pelataksesi tätä visaa!

Yleistilastot

  • Tätä visaa on pelattu 2 139 kertaa
    (1 884 viimeisimmän päivityksen jälkeen)
  • Keskiarvotulos 276 / 392

Vastaukset kartalla

Vastauksille on annettu kartalla punavihreä väri sen mukaan, kuinka moni on saanut sen oikein.
 

Vastaustilastot

Country% Oikein
Norja
92%
Ruotsi
92%
Suomi
92%
Alankomaat
91%
Espanja
91%
Australia
90%
Belgia
90%
Irlanti
90%
Islanti
90%
Italia
90%
Kanada
90%
Latvia
90%
Liettua
90%
Brasília
89%
Brasilia
89%
Ranska
89%
Saksa
89%
Tanska
89%
Venäjä
89%
Yhdysvallat
89%
Argentiina
88%
Helsinki
88%
Intia
88%
Japani
88%
Kiina
88%
Mexico
88%
Portugali
88%
Puola
88%
Viro
88%
Yhdistynyt kuningaskunta
88%
Chile
87%
Itävalta
87%
Kreikka
87%
Meksiko
87%
Ukraina
87%
Albania
86%
Alger
86%
Bulgaria
86%
Egypti
86%
Etelä-Afrikka
86%
Etelä-Korea
86%
Oslo
86%
Romania
86%
Turkki
86%
Valko-Venäjä
86%
Algeria
85%
Andorra
85%
Andorra La Vella
85%
Irak
85%
Iran
85%
Kuuba
85%
Peru
85%
Sveitsi
85%
Tukholma
85%
Afganistan
84%
Bolivia
84%
Bosnia ja Hertsegovina
84%
Indonesia
84%
Kolumbia
84%
Kroatia
84%
Lontoo
84%
Reykjavik
84%
Rooma
84%
Slovakia
84%
Tšekki
84%
Washington DC
84%
Angola
83%
Armenia
83%
Filippiinit
83%
Haiti
83%
Israel
83%
Kazakstan
83%
Luxemburg
83%
Madagaskar
83%
Madrid
83%
Marokko
83%
Moldova
83%
Mongolia
83%
Moskova
83%
Niger
83%
Pohjois-Korea
83%
Slovenia
83%
Unkari
83%
Amsterdam
82%
Bahama
82%
Berliini
82%
Etiopia
82%
Jamaika
82%
Jemen
82%
Kenia
82%
Kongon demokraattinen tasavalta
82%
Kongon tasavalta
82%
Kosovo
82%
Kypros
82%
Libya
82%
Liechtenstein
82%
Malé
82%
Nigeria
82%
Oman
82%
Panama
82%
Pariisi
82%
Riika
82%
Serbia
82%
Tallinna
82%
Thaimaa
82%
Uusi-Seelanti
82%
Azerbaidžan
81%
Bangladesh
81%
Dominica
81%
Dublin
81%
Ecuador
81%
Etelä-Sudan
81%
Georgia
81%
Malta
81%
Montenegro
81%
Paraguay
81%
Pohjois-Makedonia
81%
Saudi Arabia
81%
Somalia
81%
Uruguay
81%
Vatikaani
81%
Vatikaanivaltio
81%
Bhutan
80%
Bryssel
80%
Costa Rica
80%
Guyana
80%
Honduras
80%
Jordania
80%
Kööpenhamina
80%
Laos
80%
Monaco
80%
Namibia
80%
San Marino
80%
Tokio
80%
Venezuela
80%
Vietnam
80%
Vilna
80%
Yhdistyneet arabiemiirikunnat
80%
Ateena
79%
Belize
79%
Dominikaaninen tasavalta
79%
Eritrea
79%
Gambia
79%
Ghana
79%
Lissabon
79%
Mali
79%
Nepal
79%
Ottawa
79%
Pakistan
79%
Qatar
79%
Tunis
79%
Wien
79%
Antigua ja Barbuda
78%
Barbados
78%
El Salvador
78%
Guatemala
78%
Guinea
78%
Kiova
78%
Kirgisia
78%
Malediivit
78%
Malesia
78%
Mauritania
78%
Myanmar
78%
Nauru
78%
Papua-Uusi-Guinea
78%
Sudan
78%
Taiwan
78%
Tunisia
78%
Uzbekistan
78%
Botswana
77%
Brunei
77%
Canberra
77%
Djibouti
77%
Fidži
77%
Kap Verde
77%
Keski-Afrikan tasavalta
77%
Liberia
77%
New Delhi
77%
Peking
77%
Sofia
77%
Soul
77%
Syyria
77%
Turkmenistan
77%
Varsova
77%
Bahrain
76%
Benin
76%
Burkina Faso
76%
Itä-Timor
76%
Kambodža
76%
Kuwait
76%
Lesotho
76%
Libanon
76%
Malawi
76%
Mauritius
76%
Minsk
76%
Nicaragua
76%
Norsunluurannikko
76%
Ruanda
76%
Sambia
76%
Suriname
76%
Tansania
76%
Tšad
76%
Ankara
75%
Bern
75%
Burundi
75%
Gabon
75%
Kairo
75%
Kamerun
75%
Senegal
75%
Sri Lanka
75%
Tadžikistan
75%
Tuvalu
75%
Uganda
75%
Guinea-Bissau
74%
Kiribati
74%
Komorit
74%
Lima
74%
Mikronesia
74%
Mosambik
74%
Palau
74%
Vanuatu
74%
Zimbabwe
74%
Buenos Aires
73%
Bukarest
73%
Marshallinsaaret
73%
Praha
73%
Singapore
73%
Tirana
73%
Togo
73%
Budapest
72%
Swazimaa
72%
Grenada
71%
Jerusalem
71%
Pretoria, Kapkaupunki tai Bloemfontein
71%
Salomonsaaret
71%
Samoa
71%
São Tomé
71%
São Tomé ja Príncipe
71%
Sarajevo
71%
Seychellit
71%
Sierra Leone
71%
Tonga
71%
Bangkok
70%
St. Lucia
70%
Trinidad ja Tobago
70%
Havanna
69%
Päiväntasaajan Guinea
69%
St. Kitts ja Nevis
69%
Valletta
69%
Zagreb
69%
Kabul
68%
Santiago
68%
St. Vincent ja Grenadiinit
68%
Bratislava
67%
Manila
67%
Teheran
67%
Vaduz
67%
Wellington
67%
Bagdad
66%
Bogotá
66%
Jakarta
66%
Ljubljana
66%
Abu Dhabi
65%
Chișinău
65%
Hanoi
65%
Nairobi
65%
Pristina
65%
Belgrad
64%
Baku
63%
Nikosia
63%
Pjongjang
63%
Skopje
63%
Kingston
62%
San Salvador
62%
Jerevan
61%
La Paz tai Sucre
61%
Mogadishu
61%
Montevideo
61%
Caracas
60%
Dhaka
60%
Kathmandu
60%
Nursultan
60%
Rabat
60%
Riad
60%
Taipei
60%
Podgorica
59%
Tbilisi
59%
Addis Abeba
58%
Amman
58%
Damaskos
58%
Islamabad
58%
Tripoli
58%
Doha
57%
Kuala Lumpur
57%
Luanda
57%
Nassau
57%
Port-au-Prince
57%
Ulaanbaatar
57%
Sanaa
56%
Beirut
55%
Quito
55%
Georgetown
54%
Kingstown
54%
Port of Spain
54%
Antananarivo
53%
Kinshasa
53%
Accra
52%
Bissau
52%
Freetown
52%
San José
52%
Vientiane
52%
Dili
51%
Santo Domingo
51%
Asunción
50%
Juba
50%
Brazzaville
49%
Ouagadougou
49%
Phnom Penh
49%
St. John's
49%
Victoria
49%
Abuja
48%
Asmara
48%
Belmopan
48%
Bridgetown
48%
Dakar
48%
Kampala
48%
Kigali
48%
Libreville
48%
Paramaribo
48%
Thimphu
48%
Windhoek
48%
Lusaka
47%
Manama
47%
Praia
47%
Sri Jayawardenepura Kotte (tai Colombo)
47%
St. George's
47%
Taškent
47%
Harare
46%
Apia
45%
Ašgabat
45%
Banjul
45%
Biškek
45%
Masqat
45%
Nuku'alofa
45%
Suva
45%
Bandar Seri Begawan
44%
Gaborone
44%
Khartum
44%
Lilongwe
44%
Lomé
44%
Managua
44%
Port Moresby
44%
Porto-Novo tai Cotonou
44%
Port Vila
44%
Roseau
44%
Tegucigalpa
44%
Yaren
44%
Bangui
43%
Funafuti
43%
Honiara
43%
Gitega
42%
Maputo
42%
Moroni
42%
Majuro
41%
Maseru
41%
Monrovia
41%
Niamey
41%
Palikir
41%
Port Louis
41%
South Tarawa
41%
Yamoussoukro
41%
Basseterre
40%
Castries
40%
Dodoma
40%
Dušanbe
40%
Mbabane
40%
Conakry
39%
Naypyidaw
39%
Yaoundé
39%
Bamako
38%
N'Djamena
38%
Ngerulmud
38%
Nouakchott
35%
Malabo
34%

Tulosjakauma

Persentiili vastausten määrän mukaan

Jokaisen tuloksen saaneiden osuus

Tuloshistoriasi

Et ole pelannut tätä visaa sen viimeisimmän päivityksen jälkeen